| 000 | 00938nas a2200289 4500 | ||
|---|---|---|---|
| 001 | BR7801797 | ||
| 003 | BR-BrBNA | ||
| 005 | 20231205083411.0 | ||
| 007 | ta | ||
| 008 | 230509b bl.|||p| |||| 00| 00por d | ||
| 040 |
_aBR-BrBNA _bpor _cBiblioteca Nacional de Agricultura |
||
| 041 | _a(Pt) | ||
| 072 | _aH50 | ||
| 100 | 1 | _aAguirre, A.C.P. | |
| 100 | 1 | _aLourenco, R.S. | |
| 100 | 1 | _aMalavolta, E. | |
| 245 | 1 |
_aEstudos sobre a nutricao mineral do maracuja amarelo. 4. chave para identificacao de sintomas de deficiencia de macro e micronutrientes [Passiflora edulis] _bParte de tese |
|
| 650 | _aDISTURBIO VEGETAL | ||
| 650 | _aMARACUJA | ||
| 650 | _aMACROELEMENTO | ||
| 650 | _aMICROELEMENTO | ||
| 650 | _aDEFICIENCIA MINERAL | ||
| 650 | _aDEFICIENCIA NUTRICIONAL | ||
| 773 | 0 |
_tSolo (Brazil) _xISSN 0584-0821 _g(Dec 1977), v. 69(2) p. 30-31 _wBR7801797 |
|
| 909 |
_a202311 _bLúcia _c55 _dLúcia Elande |
||
| 942 |
_2AGRIS _n0 _cANA |
||
| 999 |
_c98497 _d98497 |
||